| 000 | 00919nam a22002773a 4500 | ||
|---|---|---|---|
| 005 | 20251106063902.0 | ||
| 008 | 010531s2000 mx fr 000 0 spa d | ||
| 020 | _a0792378849 | ||
| 035 | _aUPN01000116598 | ||
| 049 | _aCG | ||
| 050 | 4 |
_aLB2823 _bE8.2 2000 |
|
| 245 | 0 | 0 |
_aEvaluation models : _bviewpoint on educational and human services evaluation / _ced. Daniel L. Stufflebeam, George F. Madaus, Thomas Kellaghan. |
| 250 | _a2nd ed. | ||
| 260 |
_aBoston : _bKluwer Academic, _cc2000 |
||
| 300 |
_aX, 509 p. : _bil. |
||
| 440 | 0 | _aEvaluation in education and human services | |
| 650 | 4 |
_aEncuestas educativas _913849 |
|
| 650 | 4 |
_aEscuelas _xDirección y organización _9346 |
|
| 650 | 4 |
_aEvaluación curricular _91717 |
|
| 700 | 1 |
_aStufflebeam, Daniel L., _eed. |
|
| 700 | 1 |
_aMadaus, George F., _eed. _929093 |
|
| 700 | 1 |
_aKellaghan, Thomas, _bed. |
|
| 901 | _a186590 | ||
| 902 | _aPN/npd | ||
| 905 | _aLibro | ||
| 999 |
_c89335 _d89335 |
||